000 00805nam a2200217Ia 4500
003 OSt
005 20250612111817.0
008 191128q2000 ck er 000 f spa d
020 _a8482807439
040 _aCO-JMCR
_cCO-JMCR
041 _aspa
082 0 4 _aJ-N
_bSCOr
100 1 _aScott, Walter,
_eautor
_98117
245 1 0 _aRobin Hood /
_cWalter Scott
260 _aBogotá :
_bOveja Negra,
_c[2000?]
300 _a154 páginas ;
_c20 cm.
490 _aBiblioteca de aventuras
520 _aRobin Hood es la figura más famosa de las baldas populares inglesas, que Walter Scott utilizaría para la novela que lleva su nombre y a la que el cine posteriormente daría una gran popularidad en su última versión interpretado por el autor Kevin Costner
650 1 4 _aNovela
_98305
942 _2ddc
_cBK
999 _c4596
_d4596